ბათუმის შოთა რუსთაველის სახელმწიფო უნივერსიტეტის ბიბლიოთეკა

Проектирование и принципы сооружения нефтозаводов. (ბიბ.ჩანაწერი № 37008)

000 -LEADER
fixed length control field 00588nam a2200193Ia 4500
001 - CONTROL NUMBER
control field 2960
003 - CONTROL NUMBER IDENTIFIER
control field GE_BSU
008 - FIXED-LENGTH DATA ELEMENTS--GENERAL INFORMATION
fixed length control field 181216s||||||||xx |||||||||||||| ||und||
040 ## - CATALOGING SOURCE
Transcribing agency GE_BSU
080 ## - UNIVERSAL DECIMAL CLASSIFICATION NUMBER
Universal Decimal Classification number 624.041:665
100 ## - MAIN ENTRY--PERSONAL NAME
Personal name Голомшток,И.С. Овсянников,Д.В. Самсонов,Н.А.
245 ## - TITLE STATEMENT
Title Проектирование и принципы сооружения нефтозаводов.
245 ## - TITLE STATEMENT
Statement of responsibility, etc. Ред. В.П.Суханов.
260 ## - PUBLICATION, DISTRIBUTION, ETC.
Place of publication, distribution, etc. М.
260 ## - PUBLICATION, DISTRIBUTION, ETC.
Name of publisher, distributor, etc. Гостоптехиздат.
260 ## - PUBLICATION, DISTRIBUTION, ETC.
Date of publication, distribution, etc. 1960.
300 ## - PHYSICAL DESCRIPTION
Extent 354стр.22см.
942 ## - ADDED ENTRY ELEMENTS (KOHA)
Koha item type წიგნი
ეგზემპლარები
Withdrawn status Lost status Damaged status Not for loan Date acquired Barcode Date last seen Price effective from Koha item type
        2018-12-17 9354 2018-12-17 2018-12-17 წიგნი